Centenary Stamp Exhibition Bavaria and German States (Record no. 2485)

000 -LEADER
fixed length control field 00440nam a22000977a 4500
008 - FIXED-LENGTH DATA ELEMENTS--GENERAL INFORMATION
fixed length control field 170925b xxu||||| |||| 00| 0 eng d
100 ## - MAIN ENTRY--AUTHOR'S NAME
Author's Name National Philatelic Museum
245 ## - TITLE STATEMENT
Title Centenary Stamp Exhibition Bavaria and German States
260 ## - PUBLICATION, DISTRIBUTION, ETC. (IMPRINT)
Place of publication, distribution, etc. Philadelphia
Name of publisher, distributor, etc. National Philatelic Museum
Date of publication, distribution, etc. 1949
650 ## - TOPICAL TERM (Tag)
Topical term or geographic name Postage stamps -- Germany -- Bavaria -- Exhibitions. | Postage stamps -- Germany -- Exhibitions. | Stamp collecting -- Germany -- Exhibitions.
Holdings
Withdrawn status Lost status Source of classification or shelving scheme Damaged status Koha normalized classification for sorting Not for loan Permanent Location Current Location Shelving location Date acquired Total Checkouts Full call number Barcode Date last seen Copy number Price effective from Koha item type
        P3200 A11 N2777   Northern Philatelic Library Northern Philatelic Library General Stacks 09/25/2017   P3200 A11 N2777 1002980 09/25/2017 1 09/25/2017 Show Catalog

Powered by Koha